The state of the countryside 2007 (Record no. 107293)
[ view plain ]
| 000 -LEADER | |
|---|---|
| fixed length control field | 01321cam a22002055a 4500 |
| 001 - CONTROL NUMBER | |
| control field | L139367 |
| 008 - FIXED-LENGTH DATA ELEMENTS--GENERAL INFORMATION | |
| fixed length control field | 070726e20070717xxkbdo f s 000 0 eng d |
| 035 ## - SYSTEM CONTROL NUMBER | |
| System control number | (Sirsi) u139367 |
| 041 0# - LANGUAGE CODE | |
| Language code of text/sound track or separate title | eng |
| 050 04 - LIBRARY OF CONGRESS CALL NUMBER | |
| Classification number | 333.76 $2 18 |
| 110 2# - MAIN ENTRY--CORPORATE NAME | |
| Corporate name or jurisdiction name as entry element | Commission for Rural Communities |
| 9 (RLIN) | 4993 |
| 245 04 - TITLE STATEMENT | |
| Title | The state of the countryside 2007 |
| Medium | [electronic resource] |
| 260 ## - PUBLICATION, DISTRIBUTION, ETC. | |
| Place of publication, distribution, etc. | London |
| Name of publisher, distributor, etc. | Commission for Rural Communities |
| Date of publication, distribution, etc. | 2007 |
| 520 ## - SUMMARY, ETC. | |
| Summary, etc. | Reports on demographic and migratory trends, housing and homelessness, and access to education and healthcare, the rural economy and issues relating to land and the climate. Nearly 400 000 fewer people aged 15-29 live in rural areas than did so 20 years ago. Rural areas experienced over 200% growth in migrant workers over the last two years. Rural households' weekly spend is on average £60 higher than in urban areas. Only 44% are within easy reach of a GP. Energy crops have almost doubled within the last year. The are now nearly 400 vineyards within England and Wales. |
| 590 ## - LOCAL NOTE (RLIN) | |
| Local note | KA |
| 651 #4 - SUBJECT ADDED ENTRY--GEOGRAPHIC NAME | |
| Geographic name | England and Wales |
| Chronological subdivision | 1543- |
| 690 ## - LOCAL SUBJECT ADDED ENTRY--TOPICAL TERM (OCLC, RLIN) | |
| Topical term or geographic name as entry element | PROPERTY-RURAL AND NATURAL ASSETS-RURAL AND NATURAL ASSET DEVELOPMENT |
| 856 40 - ELECTRONIC LOCATION AND ACCESS | |
| Uniform Resource Identifier | <a href="https://www.ruralcommunities.gov.uk/publications/crc47stateofthecountryside2007">https://www.ruralcommunities.gov.uk/publications/crc47stateofthecountryside2007</a> |
| Public note | View the article free of charge at www.ruralcommunities.gov.uk... |
| 942 ## - ADDED ENTRY ELEMENTS (KOHA) | |
| Suppress in OPAC | 0 |
| Withdrawn status | Lost status | Source of classification or shelving scheme | Damaged status | Not for loan | Home library | Current library | Shelving location | Date acquired | Total Checkouts | Full call number | Barcode | Date last seen | Copy number | Price effective from | Koha item type |
|---|---|---|---|---|---|---|---|---|---|---|---|---|---|---|---|
| Dewey Decimal Classification | Virtual | Virtual | Online | 26/07/2007 | ONLINE PUBLICATION | 139367-1001 | 06/08/2019 | 1 | 06/08/2019 | Book |